| 000 | 01503nam0a22003251 4500 | ||
|---|---|---|---|
| 001 | rc\2148469 | ||
| 005 | 20110829174122.3 | ||
| 035 | _a(NLR Aleph) 006703229 | ||
| 090 |
_a5266065 _c5266065 |
||
| 100 | _a20110829d1978 |||y0rusy50 ca | ||
| 101 | 0 | _arus | |
| 102 | _aRU | ||
| 105 | _ay z ||||| | ||
| 200 | 1 |
_aСборник задач по экономике и финансам предприятий _e[Для фин. техникумов _fН.М. Хачиров, Н.Е. Хачирова, Б.С. Данцина, Г.Я. Цаплиенко] _gПод ред. Н.М. Хачирова |
|
| 210 |
_aМосква _cФинансы _d1978 |
||
| 215 |
_a87 с. _d20 |
||
| 300 | _aЗагл. 2-го изд.: Сборник задач по экономе и финансам производственных объединений (предприятий) / Авт.: Хачиров Н.М. и др. | ||
| 517 | 0 | _aСборник задач по экономе и финансам производственных объединений (предприятий) | |
| 606 |
_aЭкономика _jЗадачи _2psbo |
||
| 701 | 1 |
_aХачирова _bН. Е. |
|
| 701 | 1 |
_aДанцина _bБ. С. |
|
| 701 | 1 |
_aЦаплиенко _bГ. Я. |
|
| 702 | 1 |
_aХачиров _bН. М. _gНауруз Мусаевич _4570 |
|
| 801 | 0 |
_aRU _bNLR _gpsbo |
|
| 801 | 1 |
_aRU _bELAR _2rusmarc |
|
| 852 |
_aNLR _j78-4/10626 |
||
| 899 |
_aRuMoRGB _jБ 78-53/1765 |
||
| 899 |
_aRuMoRGB _jБ 78-53/1766 |
||
| 942 | _cBOOK | ||
| 980 | _aNB | ||